<?xml version="1.0" encoding="UTF-8"?>
<record
    xmlns:xsi="http://www.w3.org/2001/XMLSchema-instance"
    xsi:schemaLocation="http://www.loc.gov/MARC21/slim http://www.loc.gov/standards/marcxml/schema/MARC21slim.xsd"
    xmlns="http://www.loc.gov/MARC21/slim">

  <leader>00480nam a22001697a 4500</leader>
  <controlfield tag="005">20260303114711.0</controlfield>
  <controlfield tag="008">260303b        |||||||| |||| 00| 0 eng d</controlfield>
  <datafield tag="020" ind1=" " ind2=" ">
    <subfield code="a">9789914709681</subfield>
  </datafield>
  <datafield tag="050" ind1=" " ind2=" ">
    <subfield code="a">TX 165.M46 2025 V.10</subfield>
  </datafield>
  <datafield tag="100" ind1=" " ind2=" ">
    <subfield code="a">OPONDO,DR.JOSPHINE</subfield>
  </datafield>
  <datafield tag="245" ind1=" " ind2=" ">
    <subfield code="a">MENTOR  HOME SCIENCE</subfield>
  </datafield>
  <datafield tag="260" ind1=" " ind2=" ">
    <subfield code="a">NAIROBI,KENYA</subfield>
    <subfield code="b">MENTOR PUBLISHING COMPANY</subfield>
    <subfield code="c">2025</subfield>
  </datafield>
  <datafield tag="300" ind1=" " ind2=" ">
    <subfield code="a">111,292P.</subfield>
  </datafield>
  <datafield tag="650" ind1=" " ind2=" ">
    <subfield code="a">HOME SCIENCE TEXTBOOK</subfield>
  </datafield>
  <datafield tag="700" ind1=" " ind2=" ">
    <subfield code="a">KARANJA ESTHER,KINGONDU M. FRANCIS</subfield>
  </datafield>
  <datafield tag="942" ind1=" " ind2=" ">
    <subfield code="2">lcc</subfield>
    <subfield code="c">BK</subfield>
  </datafield>
  <datafield tag="999" ind1=" " ind2=" ">
    <subfield code="c">216754</subfield>
    <subfield code="d">216754</subfield>
  </datafield>
  <datafield tag="952" ind1=" " ind2=" ">
    <subfield code="0">0</subfield>
    <subfield code="1">0</subfield>
    <subfield code="2">lcc</subfield>
    <subfield code="4">0</subfield>
    <subfield code="6">TX0165 M46  02025 V.00010</subfield>
    <subfield code="7">0</subfield>
    <subfield code="8">SCT</subfield>
    <subfield code="9">375989</subfield>
    <subfield code="a">KSUL</subfield>
    <subfield code="b">KSUL</subfield>
    <subfield code="c">DISPLAY</subfield>
    <subfield code="d">2026-03-03</subfield>
    <subfield code="i">112262</subfield>
    <subfield code="l">0</subfield>
    <subfield code="o">TX 165.M46 2025 V.10</subfield>
    <subfield code="p">A000332</subfield>
    <subfield code="r">2026-03-03 11:48:00</subfield>
    <subfield code="t">C.1</subfield>
    <subfield code="w">2026-03-03</subfield>
    <subfield code="y">BK</subfield>
  </datafield>
  <datafield tag="952" ind1=" " ind2=" ">
    <subfield code="0">0</subfield>
    <subfield code="1">0</subfield>
    <subfield code="2">lcc</subfield>
    <subfield code="4">0</subfield>
    <subfield code="6">TX0165 M46  02025 V.00010</subfield>
    <subfield code="7">0</subfield>
    <subfield code="8">SCT</subfield>
    <subfield code="9">375991</subfield>
    <subfield code="a">KSUL</subfield>
    <subfield code="b">KSUL</subfield>
    <subfield code="c">DISPLAY</subfield>
    <subfield code="d">2026-03-03</subfield>
    <subfield code="i">112263</subfield>
    <subfield code="l">0</subfield>
    <subfield code="o">TX 165.M46 2025 V.10</subfield>
    <subfield code="p">A000331</subfield>
    <subfield code="r">2026-03-03 11:48:00</subfield>
    <subfield code="t">C.2</subfield>
    <subfield code="w">2026-03-03</subfield>
    <subfield code="y">BK</subfield>
  </datafield>
  <datafield tag="952" ind1=" " ind2=" ">
    <subfield code="0">0</subfield>
    <subfield code="1">0</subfield>
    <subfield code="2">lcc</subfield>
    <subfield code="4">0</subfield>
    <subfield code="6">TX0165 M46  02025 V.00010</subfield>
    <subfield code="7">0</subfield>
    <subfield code="8">SCT</subfield>
    <subfield code="9">375993</subfield>
    <subfield code="a">KSUL</subfield>
    <subfield code="b">KSUL</subfield>
    <subfield code="c">DISPLAY</subfield>
    <subfield code="d">2026-03-03</subfield>
    <subfield code="i">112264</subfield>
    <subfield code="l">0</subfield>
    <subfield code="o">TX 165.M46 2025 V.10</subfield>
    <subfield code="p">A000334</subfield>
    <subfield code="r">2026-03-03 11:48:00</subfield>
    <subfield code="t">C.3</subfield>
    <subfield code="w">2026-03-03</subfield>
    <subfield code="y">BK</subfield>
  </datafield>
  <datafield tag="952" ind1=" " ind2=" ">
    <subfield code="0">0</subfield>
    <subfield code="1">0</subfield>
    <subfield code="2">lcc</subfield>
    <subfield code="4">0</subfield>
    <subfield code="6">TX0165 M46  02025 V.00010</subfield>
    <subfield code="7">0</subfield>
    <subfield code="8">SCT</subfield>
    <subfield code="9">375995</subfield>
    <subfield code="a">KSUL</subfield>
    <subfield code="b">KSUL</subfield>
    <subfield code="c">DISPLAY</subfield>
    <subfield code="d">2026-03-03</subfield>
    <subfield code="i">112265</subfield>
    <subfield code="l">0</subfield>
    <subfield code="o">TX 165.M46 2025 V.10</subfield>
    <subfield code="p">A000333</subfield>
    <subfield code="r">2026-03-03 11:48:00</subfield>
    <subfield code="t">C.4</subfield>
    <subfield code="w">2026-03-03</subfield>
    <subfield code="y">BK</subfield>
  </datafield>
  <datafield tag="952" ind1=" " ind2=" ">
    <subfield code="0">0</subfield>
    <subfield code="1">0</subfield>
    <subfield code="2">lcc</subfield>
    <subfield code="4">0</subfield>
    <subfield code="6">TX0165 M46  02025 V.00010</subfield>
    <subfield code="7">0</subfield>
    <subfield code="8">SCT</subfield>
    <subfield code="9">375996</subfield>
    <subfield code="a">KSUL</subfield>
    <subfield code="b">KSUL</subfield>
    <subfield code="c">DISPLAY</subfield>
    <subfield code="d">2026-03-03</subfield>
    <subfield code="i">112266</subfield>
    <subfield code="l">0</subfield>
    <subfield code="o">TX 165.M46 2025 V.10</subfield>
    <subfield code="p">A000336</subfield>
    <subfield code="r">2026-03-03 11:48:00</subfield>
    <subfield code="t">C.5</subfield>
    <subfield code="w">2026-03-03</subfield>
    <subfield code="y">BK</subfield>
  </datafield>
</record>
